000
00306nam a22001337a 4500
008
171023b xxu||||| |||| 00| 0 eng d
020
_a
9781881052449
041
_a
eng
080
_a
658
100
_a
54
101
_a
LED
245
_a
LEADERSHIP AND THE NEW SCIENCE
_c
WHEATLEY.M.J
942
_2
udc
_c
BK
999
_c
35388
_d
35388